=LDR 00000nam 2200000 4500 =001 INLIS000000000016380 =005 20130612111648 =008 ***********************************Ind** =035 ##$$0010-061300000016380 =041 ##$$a Ind =082 ##$$a 372.357 =090 ##$$a 372.357, Lar i =100 ##$$a Larasati, Dian =245 ##$$a Ilmu pengetahuan alam untuk SD, kurikulum pendidikan 1994 sesuai GBPP 1994, Dian Larasati =260 ##$$a 1997 $b Jakarta =300 ##$$a ...jil., ilus, 21 cm =650 ##$$a Pendidikan Dasar =650 ##$$a IPA =850 ##$$a NBPNMAT